South Africa, the prospects of peaceful change : an empirical enquiry into the possibility of democratic conflict regulation /

Bibliographic Details
Main Author: Hanf, Theodor
Other Authors: Weiland, Heribert, 1942-, Vierdag, Gerda, Orkin, Mark
Format: Book
Language:English
German
Published: London : Bloomington : R. Collings ; Indiana University Press, [1981]
Subjects:

MARC

Tag First Indicator Second Indicator Subfields
LEADER 00000pam a2200000 a 4500
001 in00000085456
005 20151008061505.0
008 810505s1981 enka b 00110 eng
010 |a  81047583  
020 |a 0253353947 (Indiana) 
035 |a (OCoLC)07554882 
035 |9 AAJ8177AM 
039 0 |a 2  |b 3  |c 3  |d 3  |e 3 
040 |a DLC  |c DLC  |d TXA  |d UtOrBLW 
041 1 |a eng  |a ger 
043 |a f-sa--- 
049 |a TXAM  |c [1196837] 
050 0 0 |a DT779.9  |b .H3613 1981 
082 0 |a 960/.327  |2 19 
100 1 |a Hanf, Theodor. 
240 1 0 |a Südafrika, friedlicher Wandel?  |l English 
245 1 0 |a South Africa, the prospects of peaceful change :  |b an empirical enquiry into the possibility of democratic conflict regulation /  |c Theodor Hanf, Heribert Weiland, and Gerda Vierdag in collaboration with Lawrence Schlemmer, Rainer Hampel, and Burkhard Krupp ; [translated by John Richardson ; edited by Mark Orkin]. 
264 1 |a London :  |b R. Collings ;  |a Bloomington :  |b Indiana University Press,  |c [1981] 
264 4 |c ©1981 
300 |a xviii, 492 pages :  |b illustrations ;  |c 24 cm. 
336 |a text  |b txt  |2 rdacontent 
337 |a unmediated  |b n  |2 rdamedia 
338 |a volume  |b nc  |2 rdacarrier 
500 |a Translation of: Sudafrika, friedlicher Wandel? 
500 |a Includes indexes. 
504 |a Bibliography: pages 475-485. 
651 0 |a South Africa  |x Politics and government  |y 1961-1978. 
651 0 |a South Africa  |x Race relations. 
700 1 |a Weiland, Heribert,  |d 1942- 
700 1 |a Vierdag, Gerda. 
700 1 |a Orkin, Mark. 
999 |a MARS 
999 f f |s e503c5a9-8160-33a7-9192-60f87622b221  |i 606b6b1a-5086-34b4-a891-9fa1a1c44501  |t 0 
952 f f |p ric  |a Texas A&M University  |b Rellis Campus  |c Joint Library Facility  |d Remote Storage  |t 0  |e DT779.9 .H3613 1981  |h Library of Congress classification  |i unmediated -- volume  |m A14806103489 
998 f f |a DT779.9 .H3613 1981  |t 0  |l Remote Storage